00683 a2200181 4500003000500000005001700005010001200022020001500034040000900049082001200058100002000070245004600090260004700136300001200183505027200195600002100467650001300488NUST20221118131151.0 a7297472 a0030778409 cNust a515,HOR aDonald R.Horner aIntroductory Calculus /cDonald R. Horner aNew YorkbHolt, Rinehart and Winstonc1972 a482 p.: aPrefatory Material (Page-1), Why Calculus (Page-22), Behavior Patterns for the Concepts (Page-86), Techniques of Differentiation (Page-158), Techniques of Integration (Page-210), A Review of Concepts (Page-266), Sequences and Series (Page-323), Extensions (Page-400). aDonald R. Horner aCalculus